00987 2200301 4500001002100000005001500021035002000036007000300056008004100059336002100100337002300121338003800144040002200182100002900204245008300233300003100316020002200347082001400369084001600383264004400399500007000443650002000513850001200533852002000545856007600565990002200641990002200663INLIS00000000086724020211122022913 a0010-1121001321ta211122s2012 jkia gs ind d 2rdacontentateks 2rdamediaakomputer 2rdacarrierasumber sambung jaring aYOPDYOGbinderda0 aArimbi Bimosenoepenulis10aKarma cepat datangnya :bcermin kehidupan dan pengukur diri /cArimbi Bimoseno a1 berkas komputer (7.5 MB) a978-602-00-2822-404223a809.8 a809.8 ARI k31aJakarta :bElex Media Komputindo,c2012 aUntuk mengakses buku ini silahkan unduh aplikasi http://ijogja.id 4aKisah kehidupan aYOPDYOG8 aaplikasi iJogja40nPerpustakaan Digital iJogjauhttp://ijogja.id /publications/books/21692 a002171-EPD/B.2017 a002172-EPD/B.2017